1048 1337 1257 1635 1197 1797 1049 1640 1712 1221 1097 1100 1783 1057 1448 1914 1092 1715 1988 1888 1266 1849 1990 1986 1495 1258 1442 1253 1737 1433 1212 1682 1598 1654 1747 1770 1225 1329 1106 1918 1520 1194 1534 1187 1759 1456 1968 1275 1535 1150 1471 1294 1539 1912 1937 1246 1004 1419 1889 1810 1227 1618 1404 1760 1822 1220 1832 1990 1137 1015 1731 1532 1702 1274 1558 1237 1349 1980 1749 1692 1651 1864 1426 1853 1755 1638 1129 1221 1120 1422 1579 1464 1515 1681 1183 1834 1283 1316 1551 BCNSPRNW ULIB Ver.6.0+V

เปลี่ยนเป็นภาษาไทย

Change to English
 แสดงรายละเอียดบรรณานุกรม
  กลับหน้าหลัก

Brief Record : Get Marc (ISO 2709) : E-mail record : QR code < ปิดหน้าต่าง
LEADER : 00000nam 2200000uu 4500
001    13399120856
003     ULIB
008    020711s2546 th a 000 0 tha d
020    9749103440
050    BQ^bท512ก
100    ทิศนา แขมมณี
245    การพัฒนาคุณธรรม จริยธรรม และคำนิยม : จากทฤษฎีสู่การปฏิบัติ/^cทิศนา แขมมณี
250    พิมพ์ครั้งที่ 1
260    กรุงเทพฯ :^bเมธีทิปส์,^c2546
945    ^p120^l0^i11875
999    ^aทศพร เกษรทอง
รายการนี้ยังไม่มีแท็ก
คุณยังไม่ได้ล็อกอิน คุณสามารถมีกิจกรรมร่วมกับเว็บไซต์ได้ แต่ต้องล็อกอินก่อน ::
  ล็อกอิน

รายการสื่อสารสนเทศ

ลำดับที่ ประเภท เลขเรียก/บาร์โค้ด สถานที่ สถานะ
1. วิทยาศาสตร์การแพทย์ และสุขภาพ
วิทยาศาสตร์การแพทย์ และสุขภาพ
BQ ท512ก  
  Barcode: 11875
ห้องสมุดวิทยาเขตสวรรค์ประชารักษ์
►หนังสือทั่วไป
บนชั้น

รายการใกล้เคียง
    ผู้แต่ง [ทิศนา แขมมณี]

BibComment


ยังไม่เคยถูกคอมเมนท์

คอมเมนท์ทรัพยากรรายการนี้
  คอมเมนท์: การพัฒนาคุณธรรม จ..


 Copyright 2026. Bcnsprnw @Library